| 000 | 00584nam a2200205 a 4500 | ||
|---|---|---|---|
| 001 | BRCA_8233 | ||
| 005 | 20190320210203.0 | ||
| 008 | 230514s1957----ne-a###f##---#001-0#eng-# | ||
| 041 | _aeng | ||
| 044 | _ane | ||
| 050 | 4 |
_aND653 _b.M38 1957 |
|
| 245 | 1 | 0 |
_aMaritshuis: The Hague _billustred guide. |
| 260 |
_aLa Haya _bRoyal Picture Gallery _c1957 |
||
| 300 |
_a64 p. _bil. (algunas a color), 56 láminas _c19 cm. |
||
| 500 | _aT28c | ||
| 650 | 1 | 4 |
_aPintores holandeses _vCatálogos _914035 |
| 650 | 1 | 4 |
_aPinturas _vGalerías y museos _zHolanda _920531 |
| 902 | _aGFM | ||
| 942 |
_2lcc _cB |
||
| 999 |
_c7901 _d7901 |
||